1704 1978 1336 1676 1584 1661 1200 1536 1391 1368 1131 1743 1495 1317 1047 1463 1236 1553 1279 1468 1906 1015 1858 1696 1004 1789 1729 1879 1764 1897 1694 1563 1801 1503 1345 1945 1100 1356 1512 1207 1116 1653 1527 1069 1728 1102 1325 1352 1781 1207 1827 1375 1111 1885 1784 1140 1088 1745 1326 1907 1780 1476 1674 1232 1684 1579 1591 1438 1686 1326 1415 1369 1260 1119 1928 1640 1034 1813 1944 1162 1484 1138 1696 1777 1899 1851 1568 1818 1333 1414 1963 1970 1169 1704 1828 1740 1608 1386 1454 BCNSPRNW ULIB Ver.6.0+V

เปลี่ยนเป็นภาษาไทย

Change to English
 แสดงรายละเอียดบรรณานุกรม
  กลับหน้าหลัก

Brief Record : Get Marc (ISO 2709) : E-mail record : QR code < ปิดหน้าต่าง
LEADER : 00000nam 2200000uu 4500
001    13399127711
003     ULIB
008    210421s2561||||th 000 0 tha d
020    ^a9786164370227^c250
050    ^aนว^bป17น
100 0  ^aประชาคม ลุนาลัย
245 10 ^aในกับดักและกลางวงล้อม /^cประชาคม ลุนาชัย
260    ^aนนทบุรี :^bศรีปัญญา,^c2561
300    ^a296 หน้า
945    ^p250^l0^i008036
999    ^aประนอม เกษจรัล
รายการนี้ยังไม่มีแท็ก
คุณยังไม่ได้ล็อกอิน คุณสามารถมีกิจกรรมร่วมกับเว็บไซต์ได้ แต่ต้องล็อกอินก่อน ::
  ล็อกอิน

รายการสื่อสารสนเทศ

ลำดับที่ ประเภท เลขเรียก/บาร์โค้ด สถานที่ สถานะ
1. นวนิยาย
นวนิยาย
นว ป17น ฉ.1 
  Barcode: 008036
ห้องสมุดวิทยาเขตสวรรค์ประชารักษ์
►หนังสือทั่วไป
บนชั้น

BibComment


ยังไม่เคยถูกคอมเมนท์

คอมเมนท์ทรัพยากรรายการนี้
  คอมเมนท์: ในกับดักและกลางว..


 Copyright 2026. Bcnsprnw @Library